| 000 | 00810nam a2200241Ia 4500 | ||
|---|---|---|---|
| 001 | 950 | ||
| 003 | GE_BSU | ||
| 008 | 181216s||||||||xx |||||||||||||| ||und|| | ||
| 040 | _cGE_BSU | ||
| 080 | _a597.2/5(072) | ||
| 245 | _aЛабораторный практикум по болезням рыб | ||
| 245 | _bУчебное пособие по спец."ихтиология" и "рыбоводство | ||
| 245 | _cПод ред. В.А.Мусселиус | ||
| 260 | _aМосква | ||
| 260 | _bДетская и пищевая промышленность | ||
| 260 | _c1983 | ||
| 300 | _a296стр. | ||
| 541 | _h8л. | ||
| 653 | _aихтиология | ||
| 653 | _aЛабораторный практикум по болезням рыб | ||
| 653 | _aрыбоводство | ||
| 942 | _cBK | ||
| 999 |
_c35109 _d35109 |
||